Chagall : biographical and critical study /

Bibliographic Details
Main Author: Venturi, Lionello, 1885-1961
Format: Book
Language:English
French
Published: [New York] : Skira, [1956]
Series:Taste of our time ; v. 18.
Subjects:

MARC

Tag First Indicator Second Indicator Subfields
LEADER 00000cam a2200000 4500
001 in00000020994
005 20151007060927.0
008 730301s1956 nyua b 00000beng u
010 |a  56010713  
035 |a (OCoLC)00567565 
035 |9 AAD0601AM 
040 |c DNU  |d TXA  |d UtOrBLW 
041 1 |a eng  |a fre 
049 |a TXAM  |c [273943] 
050 0 |a ND699.C5  |b V42 
082 0 |a [759.7] 927.5 
092 |a 759.7  |b C433v 
100 1 |a Venturi, Lionello,  |d 1885-1961. 
245 1 0 |a Chagall :  |b biographical and critical study /  |c Translated by S. J.C. Harrison and James Emmons. 
264 1 |a [New York] :  |b Skira,  |c [1956] 
300 |a 122 pages :  |b mounted color illustrations ;  |c 19 cm. 
336 |a text  |b txt  |2 rdacontent 
337 |a unmediated  |b n  |2 rdamedia 
338 |a volume  |b nc  |2 rdacarrier 
490 1 |a The Taste of our time ;  |v v. 18 
504 |a Bibliography: pages 108-[113]. 
600 1 0 |a Chagall, Marc,  |d 1887-1985. 
830 0 |a Taste of our time ;  |v v. 18. 
944 |a stk  |h REPL<28647>REP-LATEST<>REF<jdkitchens>  |m Replacement on order 
999 |a MARS 
999 f f |s 24d807a5-202c-3da6-9448-8297acd00b60  |i bd5b28cb-ef8e-3fa1-a2c4-61a01feb9a6e  |t 0